Pedrón, el diablo del museo de Serrablo / (Record no. 197769)

MARC details
000 -LEADER
campo de control de longitud fija 01536nam a2200373 i 4500
001 - NÚMERO DE CONTROL
campo de control 197769
003 - IDENTIFICADOR DE NÚMERO DE CONTROL
campo de control ES-MaACL
005 - FECHA Y HORA DE LA ÚLTIMA TRANSACCIÓN
campo de control 20250901063145.0
008 - DATOS DE LONGITUD FIJA--INFORMACIÓN GENERAL
campo de control de longitud fija 250723s1994 sp | ||| ||spa
016 7# - NÚMERO DE CONTROL DE UNA AGENCIA BIBLIOGRÁFICA NACIONAL
Número de control del registro bimoBNE19940373711
Fuente SpMaBN
017 ## - NÚMERO DE COPYRIGHT O DE DEPÓSITO LEGAL
Número de copyright o de depósito legal HU 40-1994
Agencia que asigna Oficina Depósito Legal Huesca
020 ## - NÚMERO INTERNACIONAL ESTÁNDAR DEL LIBRO
Número Internacional Estándar del Libro 8481270202
035 ## - NÚMERO DE CONTROL DEL SISTEMA
Número de control de sistema (OCoLC)434332444
035 ## - NÚMERO DE CONTROL DEL SISTEMA
Número de control de sistema (SpMaBN)bimo0000426342
040 ## - FUENTE DE CATALOGACIÓN
Centro catalogador/agencia de origen SpMaBN
Lengua de catalogación spa
Centro/agencia transcriptor SpMaBN
Normas de descripción rdc
080 ## - NÚMERO DE LA CLASIFICACIÓN DECIMAL UNIVERSAL
Número de la Clasificación Decimal Universal 860-32"19"
100 1# - ENTRADA PRINCIPAL--NOMBRE DE PERSONA
Nombre de persona Satué Oliván, Enrique,
Fechas asociadas al nombre 1955-
9 (RLIN) 241475
Término indicativo de función/relación Autor
240 10 - TÍTULO UNIFORME
Título uniforme Pedrón, el diablo del museo de Serrablo
245 10 - MENCIÓN DEL TÍTULO
Título Pedrón, el diablo del museo de Serrablo /
Mención de responsabilidad, etc. Enrique Satué Oliván, ilustraciones de Roberto L'Hôtellerie López.
260 ## - PUBLICACIÓN, DISTRIBUCIÓN, ETC.
Lugar de publicación, distribución, etc. Sabiñánigo :
Nombre del editor, distribuidor, etc. Ayuntamiento ;
Lugar de publicación, distribución, etc. Huesca,
Nombre del editor, distribuidor, etc. Instituto de EstudiosAltoaragoneses,
Fecha de publicación, distribución, etc. D.L. 1994.
300 ## - DESCRIPCIÓN FÍSICA
Extensión 70 páginas :
Otras características físicas ilustrado blanco y negro ;
Dimensiones 24 cm
336 ## - TIPO DE CONTENIDO
Fuente rdacontent
Término de tipo de contenido texto
337 ## - TIPO DE MEDIO
Fuente rdamedia
Nombre/término del tipo de medio sin mediación
338 ## - TIPO DE SOPORTE
Fuente rdacarrier
Nombre/término del tipo de soporte volumen
490 1# - MENCIÓN DE SERIE
Mención de serie Colección "L'alazena de yaya" ;
Designación de volumen o secuencia 2
655 #7 - TERMINO DE INDIZACIÓN--GENERO/FORMA
Fuente del término tgfbne
9 (RLIN) 193653
Datos o término principal de género/forma Libros ilustrados
700 10 - ENTRADA AGREGADA--NOMBRE PERSONAL
Nombre de persona L'Hôtellerie López, Roberto
9 (RLIN) 241477
Término indicativo de función/relación Ilustrador
852 ## - LOCALIZACIÓN
Ubicación ES-MaACL
Ubicación en estantería Depósito J
Número de control de estantería N-10615
Donativo/Legado Donación: José Lázaro García
Encuadernación Encuadernación rústica
itemnumber 206738
903 ## - NOMBRE PERSONAL DE DONANTE
9 234219
a Lázaro García, José
e Donante
942 ## - ELEMENTOS DE ENTRADA SECUNDARIOS (KOHA)
Tipo de ítem Koha Libro impreso
Suprimir en OPAC No
Holdings
Estatus retirado Estado de pérdida Fuente del sistema de clasificación o colocación Estado de daño No para préstamo Biblioteca de origen Biblioteca actual Ubicación en estantería Fecha de adquisición Fuente de adquisición Total de préstamos Signatura topográfica completa Código de barras Visto por última vez Precio de reemplazo Tipo de ítem Koha
    Clasificación decimal universal     Biblioteca del Ateneo de Madrid Biblioteca del Ateneo de Madrid Depósito J 30/08/2025 Donación   N-10615 2025-1114 30/08/2025 30/08/2025 Libro impreso